| 000 | 00710nam a22002057a 4500 | ||
|---|---|---|---|
| 003 | BUBTL | ||
| 008 | 200722b xxu||||| |||| 00| 0 eng d | ||
| 020 | _a984-300-000975-5 | ||
| 082 | _a336.2409549/SHB | ||
| 100 |
_aShill, Nikhil Chandra _93281 |
||
| 245 |
_aBangladesh Income Tax / Theory and Practice _bNikhil Chandra Shil, and Mohammad Zakaria Masud and Mohammad Faridul Alam |
||
| 250 | _a6th | ||
| 260 |
_aDhaka _bShams Publication _cc2012 |
||
| 300 |
_a770p . : _bill . ; 23cm . |
||
| 650 |
_aAccounting _93282 |
||
| 700 |
_aNikhil Chandra Shil, and Mohammad Zakaria Masud and Mohammad Faridul Alam _93283 |
||
| 856 |
_k0 _l0 _yDownload |
||
| 942 |
_2ddc _cBK |
||
| 999 |
_c6317 _d6317 |
||